[Event "CZE-chT2D 1213"]
[Site "Czech Republic"]
[Date "2012.12.16"]
[Round "5.8"]
[White "Tomes, Lukas"]
[Black "Krys, Jaromir"]
[Result "0-1"]
[WhiteElo "1804"]
[BlackElo "2082"]
[PlyCount "66"]
[EventDate "2012.10.14"]
[EventType "team-tourn"]
[EventRounds "11"]
[EventCountry "CZE"]
[SourceTitle "EXT 2016"]
[Source "ChessBase"]
[SourceDate "2015.10.08"]
[SourceVersion "1"]
[SourceVersionDate "2015.10.08"]
[SourceQuality "1"]
[WhiteTeam "Ceska Trebova"]
[BlackTeam "Chrudim"]
[WhiteTeamCountry "CZE"]
[BlackTeamCountry "CZE"]

1. f4 d5 2. Nf3 c5 3. d4 cxd4 4. Nxd4 g6 5. e3 Bg7 6. c4 Nf6 7. cxd5 Nxd5 8. Bb5+ Bd7 9. Bxd7+ Nxd7 10. 0-0 0-0 11. e4 Qb6 12. exd5 Bxd4+ 13. Kh1 Bxb2 14. Bxb2 Qxb2 15. Nd2 Nb6 16. Ne4 Rad8 17. d6 exd6 18. Rf2 Qg7 19. f5 Qe5 20. Ng3 d5 21. Re2 Qf6 22. Rb1 Rfe8 23. Rd2 Re5 24. h3 Nc4 25. Rd4 b6 26. Rg4 Ne3 27. Qd4 Nxg4 28. Qxg4 d4 29. Rf1 d3 30. Nh5 Qd6 31. Qg5 d2 32. Qh6 gxh5 33. f6 Qf8 0-1